|
|
|
|
| LEADER |
00000ny a22000003n 4500 |
| 005 |
20110610140347.0 |
| 008 |
020507s2004 sp 000 0 spa d |
| 020 |
|
|
|a 9788495748188
|
| 035 |
|
|
|a 401
|
| 040 |
|
|
|a BUS
|d vLex
|
| 080 |
|
|
|a 35.077.3(460)(083.2)
|
| 080 |
|
|
|a 351.95(460)(083.2)
|
| 090 |
|
|
|c 633
|d 633
|
| 100 |
1 |
|
|a Rodrq̕uez Santos, Cesr̀eo
|
| 245 |
1 |
0 |
|a Prc̀tica procesal y formularios del procedimiento ante los juzgados de lo contencioso-administrativo
|h [Recurso electrn̤ico]
|b adaptado a la nueva Ley de enjuiciamiento civil 1-2000, de 7 de enero /
|c Cesr̀eo Rodrq̕uez Santos, Fernando Rodrq̕uez Martn̕, Jos ̌Manuel del Ro̕ Monge
|
| 256 |
|
|
|a Servicio en ln̕ea
|
| 260 |
|
|
|a Madrid :
|b DIJUSA,
|c 2004
|
| 300 |
|
|
|a p. ;
|c cm
|
| 506 |
1 |
|
|a Contenido solo disponible en los productos indicados
|d vLex Global
|d vLex Global (Academic Edition, excluding Law Schools)
|d vLex Global (U.S. Academic Edition, Law Schools)
|d vLex Global (U.S. Academic Edition, excluding Law Schools)
|d vLex Global (Academic Edition, Law Schools)
|
| 650 |
0 |
7 |
|a Juzgado contencioso administrativo
|2 Tesauro vLex
|
| 650 |
0 |
7 |
|a Procesal
|2 Tesauro vLex
|
| 650 |
0 |
7 |
|a Procedimiento contencioso-administrativo
|2 Tesauro vLex
|
| 650 |
0 |
7 |
|a Juzgados de lo contencioso administrativo
|2 Tesauro vLex
|
| 650 |
0 |
7 |
|a Proceso contencioso administrativo
|2 Tesauro vLex
|
| 700 |
1 |
|
|a Rodrg̕uez Martn̕, Fernando,
|e coaut.
|
| 700 |
1 |
|
|a Ro̕ Monge, Jos ̌Manuel del,
|e coaut.
|
| 740 |
0 |
|
|a vLex Libros (Servicios en ln̕ea)
|
| 856 |
4 |
0 |
|u http://vlex.com/source/401
|z Acceso restringido
|
| 942 |
|
|
|c BOOK
|
| 999 |
0 |
|
|a Procedure Law
|b Madrid
|